Catálogo
 En Linea

Sistema Electrico Nacional (SEN), costos de producción y margenes de utilidad en la generación de electricidad 1997-1998 / (Registro nro. 2830)

Detalles MARC
000 -CABECERA
campo de control de longitud fija 01683nam a2200277 u 4500
001 - NÚMERO DE CONTROL
campo de control 000002998
003 - IDENTIFICADOR DEL NÚMERO DE CONTROL
campo de control DO-SdBNP
005 - FECHA Y HORA DE LA ÚLTIMA TRANSACCIÓN
campo de control 20250306133250.0
008 - DATOS DE LONGITUD FIJA--INFORMACIÓN GENERAL
campo de control de longitud fija 090706s1999 dr abd r 000 0 spa d
020 ## - NÚMERO INTERNACIONAL ESTÁNDAR DEL LIBRO
ISBN cancelado o inválido 8489539960
040 ## - FUENTE DE LA CATALOGACIÓN
Centro catalogador/agencia de origen DO-SdBNP
Lengua de catalogación spa
Centro/agencia transcriptor BNPHU
082 ## - NÚMERO DE LA CLASIFICACIÓN DECIMAL DEWEY
Número de clasificación 333.79323
Número de documento/Ítem M843s
100 1# - ENTRADA PRINCIPAL--NOMBRE DE PERSONA
Nombre de persona Moreno San Juan, José Luis
9 (RLIN) 2397
245 10 - MENCIÓN DE TÍTULO
Título Sistema Electrico Nacional (SEN), costos de producción y margenes de utilidad en la generación de electricidad 1997-1998 /
Mención de responsabilidad, etc. José Luis Moreno San Juan.
260 ## - PUBLICACIÓN, DISTRIBUCIÓN, ETC.
Lugar de publicación, distribución, etc. Santo Domingo :
Nombre del editor, distribuidor, etc. UASD,
Fecha de publicación, distribución, etc. 1999.
300 ## - DESCRIPCIÓN FÍSICA
Extensión 441 p. :
Otras características físicas il., gráf., mapas ;
Dimensiones 24 cm.
500 ## - NOTA GENERAL
Nota general Incluye anexos
505 2# - NOTA DE CONTENIDO CON FORMATO
Nota de contenido con formato Fuentes de energía del futuro --
Título El mercado mundial del petróleo y su incidencia en la República Dominicana --
-- Sistema eléctrico nacional: alternativas tecnológicas y plan estratégico para su desarrollo --
-- Evaluación de los costos de producción de las alternativas tecnológicas para la producción de energía eléctrica en la República Dominicana --
-- Criterios para la evaluación de los costos de producción y márgenes de utilidad para la venta de energía --
-- Introducción al concepto de despacho económico de plantas --
-- Operación del sistema eléctrico nacional --
590 ## - NOTA LOCAL (RLIN)
Nota local Inventariado, 2018/LP
650 #4 - PUNTO DE ACCESO ADICIONAL DE MATERIA--TÉRMINO DE MATERIA
Término de materia o nombre geográfico como elemento de entrada Energía eléctrica
Subdivisión geográfica República Dominicana
Subdivisión cronológica 1997-1998
9 (RLIN) 9521
650 #4 - PUNTO DE ACCESO ADICIONAL DE MATERIA--TÉRMINO DE MATERIA
Término de materia o nombre geográfico como elemento de entrada Empresas eléctricas-tarifas
Subdivisión cronológica 1997-1998
9 (RLIN) 9522
650 #4 - PUNTO DE ACCESO ADICIONAL DE MATERIA--TÉRMINO DE MATERIA
Término de materia o nombre geográfico como elemento de entrada Empresas eléctricas
Subdivisión geográfica República Dominicana
Subdivisión cronológica 1997-1998
9 (RLIN) 9523
710 1# - PUNTO DE ACCESO ADICIONAL--NOMBRE DE ENTIDAD CORPORATIVA
Nombre de entidad corporativa o nombre de jurisdicción como elemento de entrada Universidad Autónoma de Santo Domingo
Unidad subordinada Facultad de Ingenieria y Arquitectura
-- Instituto de Energía
9 (RLIN) 72951
910 ## - DATOS DE OPCIÓN DEL USUARIO (OCLC)
Datos de opción del usuario Validado. Control de calidad MFF
942 ## - ELEMENTOS DE PUNTO DE ACCESO ADICIONAL (KOHA)
Fuente del sistema de clasificación o colocación Dewey Decimal Classification
Tipo de ítem Koha Libro
Existencias
Estado de retiro Estado de pérdida Restricciones de uso No para préstamo Código de colección Localización permanente Ubicación/localización actual Ubicación en estantería Fecha de adquisición Número de inventario Total de préstamos Signatura topográfica completa Código de barras Fecha visto por última vez Número de copia Precio válido a partir de Tipo de ítem Koha
        Dominicana de Servicio General General Depósito 06.07.2009 LF1   333.79323 M843s 2998-20 25.06.2020 e.3 25.06.2020 Libro y Folleto Colección Dominicana de Servicio
      Excluido de préstamo Dominicana de Servicio General General Depósito 30.08.2011 LF1   333.79323 M843s 2998-50 25.06.2020 e. 5 25.06.2020 Libro y Folleto Colección Dominicana de Servicio
      Excluido de préstamo Patrimonio Dominicano Patrimonio Dominicano Patrimonio Dominicano Depósito 06.07.2009 LF1   333.79323 M843s 2998-10 25.06.2020   25.06.2020 Libro y Folleto Colección Patrimonio Dominicano
      Excluido de préstamo Patrimonio Dominicano Patrimonio Dominicano Patrimonio Dominicano Depósito 07.07.2009 LF1   333.79323 M843s 2998-30 25.06.2020 e. 2 25.06.2020 Libro y Folleto Colección Patrimonio Dominicano
        Dominicana de Servicio Patrimonio Dominicano Patrimonio Dominicano Depósito 07.07.2009 LF1   333.79323 M843s 2998-40 25.06.2020 e.4 25.06.2020 Libro y Folleto Colección Dominicana de Servicio

Con tecnología Koha